• 首页
  • 本馆介绍
  • 公告通知
  • 最新文献
  • 馆藏检索
  • 电子资源
  • 读者导购
  • 参考咨询
  • 我的图书馆
  • 登录
  • 详细信息显示
  • 放入我的书架
  • 预约/预借图书
  • 作者相关作品
  • 分类相关作品
  • 丛书相关作品
  • 出版社相关作品

书目信息

  • 表格格式
  • 工作单格式
  • 卡片格式
题名:
养殖史话
    
 
作者: 肖东发 主编 ;张学文 编著
分册:  
出版信息: 北京   现代出版社  2015
页数: 164页
开本: 24cm
丛书名: 中华精神家园
单 册:
中图分类: F326.39 , F326.3
科图分类:
主题词: 养殖业--经济史--中国--古代
电子资源:
ISBN: 978-7-5143-3088-5
000 00835oam2 2200277 450
001 2348471709
005 20231117102939.99
010    @a978-7-5143-3088-5@dCNY29.80
100    @a20151101d2015 em y0chiy50 ea
101 0  @achi
102    @aCN@b110000
105    @aa z 000yy
200 1  @a养殖史话@Ayang zhi shi hua@e古代畜牧与古代渔业@f肖东发主编@g张学文编著
210    @a北京@c现代出版社@d2015
215    @a164页@c图@d24cm
225 2  @a中华精神家园@i历史长河
410  0 @12001 @a中华精神家园
462  0 @12001 @a历史长河
517 1  @a古代畜牧与古代渔业@Agu dai xu mu yu gu dai yu ye
606 0  @a养殖业@x经济史@y中国@z古代
690    @aF326.39@v5
690    @aF326.3@v4
701  0 @a肖东发@Axiao dong fa@4主编
702  0 @a张学文@Azhang xue wen@4编著
801  0 @aCN@b91MARC@c20151101
905    @aZUCC@dF326.3@e4
    
    养殖史话:古代畜牧与古代渔业/肖东发主编/张学文编著.-北京:现代出版社,2015
    164页:图;24cm.-(中华精神家园.历史长河)
    
    
    ISBN 978-7-5143-3088-5:CNY29.80
    
●
相关链接 在五车中查询图书 在当当中查询图书 在豆瓣中查询图书


正题名:养殖史话     索取号:F326.3/4         预约/预借

序号 登录号 条形码 馆藏地/架位号 状态 备注
1 2001010891   2001010891   第四书库/四6架A面5层2列/ [索取号:F326.3/4] 在馆    
2 2001010892   2001010892   第四书库/四6架A面5层2列/ [索取号:F326.3/4] 在馆    
3 2001010893   2001010893   第四书库/四6架A面5层2列/ [索取号:F326.3/4] 在馆    
4 2001010894   2001010894   第四书库/四6架A面5层2列/ [索取号:F326.3/4] 在馆    
5 2001010895   2001010895   第四书库/四6架A面5层2列/ [索取号:F326.3/4] 在馆    
6 2001010896   2001010896   第四书库/四6架A面5层2列/ [索取号:F326.3/4] 在馆    
山东省滨州职业学院图书馆 欢迎您!
大连网信软件有限公司© 版权所有